000 00839cam a22002534a 4500
001 11965753
005 20180313051600.0
008 000405s2000 ksu b 001 0 eng
010 _a 00039242
020 _a0700610405 (cloth : alk. paper)
040 _aDLC
_cDLC
_dDLC
041 _aeng
042 _apcc
043 _an-us---
080 _a320.80973 for
082 0 0 _a320.80973 for
_221
100 1 _a21
101 _apol
245 1 0 _aStates' rights and the union :
_cForrest McDonald.
504 _aIncludes bibliographical references and index.
906 _a7
_bcbc
_corignew
_d1
_eocip
_f20
_gy-gencatlg
942 _2ddc
_cBK
999 _c44849
_d44849